000 00646nam a2200229Ia 4500
003 GCL
008 140319s9999 xx 000 0 ara d
040 _aGCL /
_cGCL
082 0 4 _a371.3358
_bك ت
100 1 _aكاسيرر، د. هنرى
245 1 0 _aالتعليم عن طريق التليفزيون /
_cكاسيرر، د. هنرى
700 1 _aسلامة حماد
300 _a460 ص
490 _aالالف كتاب
_v0
650 0 4 _aالتعليم
650 0 4 _aالتليفزيون
650 0 4 _aالاجتماع
650 0 4 _aالمدارس
650 0 4 _aالتلاميذ
650 0 4 _aالمدرسون
942 _2ddc
_cBK
999 _c45365
_d45365